| 000 | 00462nam a22001817a 4500 | ||
|---|---|---|---|
| 003 | MPLRDC | ||
| 005 | 20220104180036.0 | ||
| 008 | 210129b ||||| |||| 00| 0 eng d | ||
| 020 | _a967-951-371-8 | ||
| 082 | _a524.945 ZAK-3 1991 | ||
| 100 | _aSHAFIEE ZAKARIA | ||
| 245 |
_aBIMBINGAN INTENSIF GEOGRAFI AMERIKA UTARA SPM _c |
||
| 250 | _a第二版 | ||
| 260 |
_a _bPENERBITAN PELANGI _c1991 |
||
| 300 | _b平 | ||
| 650 | _a | ||
| 942 |
_cBK _o524.945 ZAK-3 1991 |
||
| 999 |
_c60717 _d60707 |
||